Statistics for Flags of the World - Random

Click here to take the quiz!

General Stats

  • This quiz has been taken 2,353 times
  • The average score is 15 of 18

Answer Stats

Answer% Correct
Germany
100%
Russia
96%
Belgium
95%
France
95%
Ireland
91%
Italy
89%
Austria
88%
Estonia
88%
Netherlands
86%
Hungary
85%
Peru
81%
Bulgaria
79%
UAE
78%
Yemen
76%
Armenia
71%
Lithuania
71%
Mali
63%
Guinea
59%

Score Distribution

Percentile by Number Answered

Percent of People with Each Score

Your Score History

You have not taken this quiz